000 00463nam a2200181Ia 4500
005 20250423101541.0
008 250422s9999 xx 000 0 und d
020 _a9781932099683
050 _aBP 170 .G85/
100 _aGülen, Fethullah
245 0 _aToward a global civilization of love & tolerance
260 _aNew Jersey
260 _bTughra Books
260 _c2012
300 _a271 p
650 _aİslam ahlakı İslam- Doktrinler
942 _cBK
999 _c36616
_d36616